| 000 | 00951nam a22002777a 4500 | ||
|---|---|---|---|
| 999 |
_c29471 _d29442 |
||
| 003 | EG-ScBUE | ||
| 005 | 20210923142312.0 | ||
| 008 | 210923s1997 ua a f 000 j ara d | ||
| 017 | _a97/4960 | ||
| 020 | _a9770803316 | ||
| 040 |
_aEG-ScBUE _bara _erda _cEG-ScBUE _dEG-ScBUE |
||
| 082 | 0 | 4 |
_a892.736 _bر ج ب _222 |
| 100 | 1 |
_aرجب، أحمد، _d1928-2014، _eمؤلف. |
|
| 245 | 1 | 2 |
_aالحب وسنينه / _cأحمد رجب. |
| 264 | 1 |
_aالقاهرة : _bدار أخبار اليوم، قطاع الثقافة، _c[1997] |
|
| 300 |
_a163 صفحة : _bرسوم ؛ _c16 سم |
||
| 336 |
_2rdacontent _aنص _btxt |
||
| 337 |
_2rdamedia _aبدون وسيط _bn |
||
| 338 |
_2rdacarrier _aمجلد _bnc |
||
| 541 | _cDonation. | ||
| 650 | 7 |
_aالمرأة في الأدب. _2BUEsh |
|
| 650 | 7 |
_aالقصص القصيرة العربية. _2BUEsh |
|
| 653 | 7 |
_aBUEsh _bGGEN _cSeptember2021 |
|
| 655 | 7 |
_2BUEsh _vReading book _934232 |
|
| 942 | _2ddc | ||